[Event "Titled Tue 10th Jun Early"]
[Site "chess.com INT"]
[Date "2025.06.10"]
[Round "7"]
[White "Lacasa Diaz, Josep Anton"]
[Black "Mattenberger, Matthias"]
[Result "0-1"]
[WhiteTitle "IM"]
[BlackTitle "FM"]
[WhiteElo "2315"]
[BlackElo "2286"]
[WhiteFideId "2203375"]
[BlackFideId "1339958"]
[EventDate "2025.06.10"]

1. e4 c5 2. Nf3 d6 3. Bb5+ Nd7 4. d4 cxd4 5. Qxd4 a6 6. Bxd7+ Bxd7 7. Nc3 Nf6 8.
Bg5 e6 9. O-O-O Be7 10. e5 dxe5 11. Nxe5 Bc6 12. Nxc6 bxc6 13. Bxf6 Bxf6 14. Qc5
Qc7 15. Ne4 Qf4+ 16. Nd2 Rc8 17. g3 Qe5 18. Qxe5 Bxe5 19. Nc4 Bc7 20. Nd6+ Bxd6
21. Rxd6 Ke7 22. Rhd1 Rc7 23. c4 g5 24. b3 h5 25. Kc2 g4 26. Kc3 h4 27. R6d4 f5
28. Kb4 c5+ 0-1

[Event "Titled Tue 10th Jun Early"]
[Site "chess.com INT"]
[Date "2025.06.10"]
[Round "7"]
[White "Devagharan, Devina"]
[Black "Shandrygin, Nikita"]
[Result "0-1"]
[WhiteTitle "WFM"]
[BlackTitle "FM"]
[WhiteElo "1860"]
[BlackElo "2209"]
[WhiteFideId "2061600"]
[BlackFideId "24198668"]
[EventDate "2025.06.10"]

1. d4 d5 2. c4 Nc6 3. e3 e5 4. dxe5 d4 5. Nf3 Bb4+ 6. Bd2 dxe3 7. Bxb4 exf2+ 8.
Ke2 Qxd1+ 9. Kxd1 Nxb4 10. a3 Nc6 11. Ke2 Bg4 12. Kxf2 Bxf3 13. Kxf3 Nxe5+ 14.
Kf2 O-O-O 15. Be2 Nf6 16. g3 Nd3+ 17. Bxd3 Rxd3 18. Re1 Ng4+ 19. Kg2 Ne3+ 20.
Kh3 Nc2 21. Nc3 Nxa1 22. Rxa1 Re8 23. Rf1 f6 24. c5 c6 25. Rf4 Rd2 26. Ne4 g5
27. Nd6+ Rxd6 0-1

[Event "Titled Tue 10th Jun Early"]
[Site "chess.com INT"]
[Date "2025.06.10"]
[Round "7"]
[White "Diao, Matthew Guo"]
[Black "Wagh, Suyog"]
[Result "1-0"]
[WhiteTitle "CM"]
[BlackTitle "FM"]
[WhiteElo "2244"]
[BlackElo "2319"]
[WhiteFideId "30970547"]
[BlackFideId "25071688"]
[EventDate "2025.06.10"]

1. d4 Nf6 2. c4 e6 3. Nf3 b6 4. g3 Ba6 5. Qc2 c5 6. d5 exd5 7. cxd5 Bb7 8. Bg2
Nxd5 9. O-O Be7 10. Rd1 Nc6 11. Qa4 Nc7 12. Ne5 Nxe5 13. Bxb7 Rb8 14. Bg2 O-O
15. Bf4 f6 16. Nc3 d6 17. Qxa7 Qd7 18. Bxe5 fxe5 19. Nd5 Rfc8 20. Bh3 Qxh3 21.
Nxe7+ Kh8 22. Nxc8 Rxc8 23. Rxd6 Nb5 24. Qd7 Qxd7 25. Rxd7 Nd4 26. e3 Nc6 27.
Rad1 Kg8 28. Rb7 Nb4 29. Rdd7 1-0

[Event "Titled Tue 10th Jun Early"]
[Site "chess.com INT"]
[Date "2025.06.10"]
[Round "7"]
[White "Buyankhishig, Batpelden"]
[Black "Agarwal, Amaya"]
[Result "1-0"]
[WhiteTitle "WFM"]
[BlackTitle "WCM"]
[WhiteElo "2015"]
[BlackElo "2004"]
[WhiteFideId "4923537"]
[BlackFideId "48733580"]
[EventDate "2025.06.10"]

1. d4 d5 2. c4 e6 3. Nf3 Nf6 4. Nc3 Be7 5. Bf4 O-O 6. e3 Nbd7 7. c5 c6 8. Bd3 b6
9. b4 a5 10. a3 axb4 11. axb4 Rxa1 12. Qxa1 Bb7 13. O-O Nh5 14. Qa7 Nxf4 15.
exf4 Qc7 16. Ba6 Rb8 17. Ne5 Nxe5 18. fxe5 bxc5 19. bxc5 Qc8 20. Rb1 Ra8 21.
Qxb7 Qxb7 22. Bxb7 Ra3 23. Ne2 Ra2 24. Kf1 h6 25. Bxc6 Bg5 26. f4 Be7 27. Bd7
Rd2 28. c6 Bd8 29. Rb8 Rd1+ 30. Kf2 1-0

[Event "Titled Tue 10th Jun Early"]
[Site "chess.com INT"]
[Date "2025.06.10"]
[Round "7"]
[White "Mizzi, Jack"]
[Black "Thipsay, Bagyashree Sathe"]
[Result "1-0"]
[WhiteTitle "CM"]
[BlackTitle "WIM"]
[WhiteElo "2107"]
[BlackElo "2075"]
[WhiteFideId "5602521"]
[BlackFideId "5001013"]
[EventDate "2025.06.10"]

1. d4 d5 2. c4 e6 3. Nf3 Nf6 4. g3 Bb4+ 5. Nbd2 O-O 6. Bg2 b6 7. O-O Bb7 8. Qc2
Be7 9. b3 Nbd7 10. Bb2 c5 11. Rfd1 Rc8 12. Rac1 Qc7 13. Qb1 Rfd8 14. e3 Qb8 15.
cxd5 exd5 16. Ne5 Nxe5 17. dxe5 Nd7 18. Nf3 Nf8 19. h4 Ne6 20. Qf5 g6 21. Qh3
Rc7 22. h5 Bc8 23. hxg6 hxg6 24. Qh2 Kg7 25. Nh4 Bb7 26. f4 d4 27. f5 1-0

[Event "Titled Tue 10th Jun Early"]
[Site "chess.com INT"]
[Date "2025.06.10"]
[Round "7"]
[White "Murthy, Pappu"]
[Black "Ejsymont, Blanka"]
[Result "0-1"]
[BlackTitle "WCM"]
[WhiteElo "1838"]
[BlackElo "1984"]
[WhiteFideId "2013401"]
[BlackFideId "21088268"]
[EventDate "2025.06.10"]

1. e4 c5 2. d4 cxd4 3. c3 dxc3 4. Nxc3 Nc6 5. Nf3 e6 6. Bb5 Bb4 7. a3 Bxc3+ 8.
bxc3 Nf6 9. Qe2 Qa5 10. Qc4 Nxe4 11. O-O Nd6 12. Qg4 Nxb5 13. Qxg7 Qxc3 14. Bb2
Qxg7 15. Bxg7 Rg8 16. Bf6 d5 17. a4 Nd6 18. Rfe1 Ne4 19. Bh4 Bd7 0-1

[Event "Titled Tue 10th Jun Early"]
[Site "chess.com INT"]
[Date "2025.06.10"]
[Round "7"]
[White "Miserendino, Alfredo"]
[Black "Winkels, Marcel"]
[Result "1-0"]
[BlackTitle "CM"]
[WhiteElo "2032"]
[BlackElo "1905"]
[WhiteFideId "101800"]
[BlackFideId "1003887"]
[EventDate "2025.06.10"]

1. e4 c5 2. Nf3 d6 3. Bb5+ Nc6 4. Bxc6+ bxc6 5. e5 Bg4 6. exd6 exd6 7. O-O Nf6
8. h3 Bh5 9. Re1+ Be7 10. Qe2 Bxf3 11. Qxf3 O-O 12. Qxc6 Rb8 13. Nc3 d5 14. d3
Rb6 15. Qa4 Rb4 16. Qxa7 c4 17. Qxe7 Qb6 18. Be3 d4 19. Bxd4 1-0

[Event "Titled Tue 10th Jun Early"]
[Site "chess.com INT"]
[Date "2025.06.10"]
[Round "7"]
[White "Skliarov, Viktor"]
[Black "Flynn, Jacob"]
[Result "1-0"]
[WhiteTitle "IM"]
[BlackTitle "CM"]
[WhiteElo "2334"]
[BlackElo "2274"]
[WhiteFideId "14106736"]
[BlackFideId "2509393"]
[EventDate "2025.06.10"]

1. e4 e5 2. Nc3 Nf6 3. Bc4 Bc5 4. d3 d6 5. h3 O-O 6. Nge2 c6 7. Ng3 d5 8. Bb3 a5
9. a4 Re8 10. Bg5 h6 11. Bxf6 Qxf6 12. O-O dxe4 13. Ncxe4 Qe7 14. Nxc5 Qxc5 15.
Ne4 Qe7 16. f4 exf4 17. Rxf4 Be6 18. Bxe6 Qxe6 19. Qf3 Nd7 20. Rf1 Ne5 21. Qg3
Rad8 22. Nf6+ Kh8 23. Nxe8 Rxe8 24. Re4 f5 25. Ree1 c5 26. c3 g5 27. d4 cxd4 28.
cxd4 Qb6 29. Qf2 1-0

[Event "Titled Tue 10th Jun Early"]
[Site "chess.com INT"]
[Date "2025.06.10"]
[Round "7"]
[White "Vu Quang Quyen"]
[Black "Khadour, Ismael"]
[Result "0-1"]
[WhiteTitle "CM"]
[BlackTitle "FM"]
[WhiteElo "2026"]
[BlackElo "1992"]
[WhiteFideId "12402168"]
[BlackFideId "7601930"]
[EventDate "2025.06.10"]

1. Nf3 Nf6 2. g3 g6 3. Bg2 Bg7 4. O-O O-O 5. c4 d6 6. d4 c6 7. Nc3 Nbd7 8. Rb1
a6 9. a4 e5 10. dxe5 dxe5 11. Qd6 Re8 12. Bg5 h6 13. Bxf6 Qxf6 14. Ne4 Qxd6 15.
Nxd6 Re6 16. Rfd1 Nc5 17. Bh3 Rxd6 18. Rxd6 Bxh3 19. a5 Bf8 20. Rdd1 Bf5 21.
Rbc1 Bg7 22. b4 e4 23. bxc5 exf3 24. exf3 Bb2 25. Rb1 Bxb1 26. Rxb1 Bc3 27. Rxb7
Bxa5 28. Kf1 Bd8 29. Ke2 a5 30. Kd3 a4 31. Kc2 a3 0-1

[Event "Titled Tue 10th Jun Early"]
[Site "chess.com INT"]
[Date "2025.06.10"]
[Round "7"]
[White "Guerrero Cataldo, Juan Andres"]
[Black "Toktomushev, Teimur"]
[Result "0-1"]
[WhiteTitle "CM"]
[BlackTitle "FM"]
[WhiteElo "2082"]
[BlackElo "2390"]
[WhiteFideId "3421260"]
[BlackFideId "14176726"]
[EventDate "2025.06.10"]

1. e4 c5 2. Nf3 e6 3. a4 Nc6 4. Bb5 Nge7 5. O-O a6 6. Bc4 d5 7. exd5 Nxd5 8. Re1
Be7 9. d4 O-O 10. dxc5 Bxc5 11. c3 Nf6 12. Nbd2 Ba7 13. Nf1 Qc7 14. Be3 Bxe3 15.
Nxe3 Rd8 16. Qe2 e5 17. Ng5 Rf8 18. Rad1 h6 19. Nf3 e4 20. Nd4 Ne5 21. h3 Bd7
22. Bb3 Nd3 23. Rf1 Qa5 24. Nc4 Qg5 25. Kh1 Nf4 26. Nf3 Qxg2# 0-1

[Event "Titled Tue 10th Jun Early"]
[Site "chess.com INT"]
[Date "2025.06.10"]
[Round "7"]
[White "Brezis, Ari"]
[Black "De Sousa, Antonio Micaias Silva"]
[Result "1-0"]
[WhiteTitle "CM"]
[WhiteElo "2179"]
[BlackElo "2007"]
[WhiteFideId "2858541"]
[BlackFideId "22798528"]
[EventDate "2025.06.10"]

1. d4 d5 2. c4 dxc4 3. e4 e5 4. Nf3 exd4 5. Bxc4 Nc6 6. O-O Be6 7. Bxe6 fxe6 8.
Qb3 Qd7 9. Ng5 O-O-O 10. Nxe6 Re8 11. Nxf8 Rxf8 12. Nd2 Nf6 13. f3 g5 14. Nc4 g4
15. e5 Nd5 16. f4 h5 17. Bd2 h4 18. Rac1 h3 19. g3 Nde7 20. Bb4 Rfg8 21. Bxe7
Nxe7 22. Nd6+ 1-0

[Event "Titled Tue 10th Jun Early"]
[Site "chess.com INT"]
[Date "2025.06.10"]
[Round "7"]
[White "Parfenov, Viktor N."]
[Black "Serra Canals, Oriol"]
[Result "1-0"]
[WhiteTitle "CM"]
[BlackTitle "CM"]
[WhiteElo "2193"]
[BlackElo "2116"]
[WhiteFideId "4165969"]
[BlackFideId "22276084"]
[EventDate "2025.06.10"]

1. d4 f5 2. Nc3 Nf6 3. Bg5 d5 4. f3 c6 5. e4 fxe4 6. fxe4 Nxe4 7. Nxe4 dxe4 8.
Qd2 g6 9. O-O-O Bg7 10. h4 Bg4 11. Be2 Bxe2 12. Nxe2 Na6 13. Qe3 Qd5 14. Nc3 Qa5
15. Qxe4 O-O-O 16. Bf4 e5 17. dxe5 Nc5 18. Qc4 Rhf8 19. g3 h6 20. Kb1 Qb6 21.
Be3 Rxd1+ 22. Rxd1 Rd8 23. Qxc5 Rxd1+ 24. Nxd1 Qd8 25. Qd6 Qe8 26. e6 h5 27.
Bxa7 1-0

[Event "Titled Tue 10th Jun Early"]
[Site "chess.com INT"]
[Date "2025.06.10"]
[Round "7"]
[White "Kravtsiv, Martyn"]
[Black "Navoyan, Gagik"]
[Result "1-0"]
[WhiteTitle "GM"]
[BlackTitle "CM"]
[WhiteElo "2598"]
[BlackElo "2186"]
[WhiteFideId "14113147"]
[BlackFideId "13314866"]
[EventDate "2025.06.10"]

1. b3 e5 2. Bb2 Nc6 3. g3 d5 4. Bg2 Be6 5. e3 Qd7 6. d3 f6 7. Nd2 h5 8. h3 O-O-O
9. a3 Nge7 10. b4 d4 11. Qe2 Nd5 12. Ngf3 Nb6 13. b5 Na5 14. exd4 Qxb5 15. Bc3
Nd5 16. Bxa5 Qxa5 17. O-O Nc3 18. Qe1 Qa4 19. dxe5 Bd5 20. Nc4 Qxc2 21. Ne3 Qxd3
22. Nxd5 Rxd5 23. exf6 Ne2+ 24. Kh1 gxf6 25. Ng1 Re5 26. Rd1 Qb5 27. Nxe2 Qxe2
28. Qc3 Bd6 29. Rxd6 h4 30. Rc1 1-0

[Event "Titled Tue 10th Jun Early"]
[Site "chess.com INT"]
[Date "2025.06.10"]
[Round "7"]
[White "Alothman , Ali Layth Ahmed"]
[Black "Altynbek, Aiaru"]
[Result "1-0"]
[WhiteTitle "FM"]
[BlackTitle "WFM"]
[WhiteElo "2179"]
[BlackElo "1977"]
[WhiteFideId "4801920"]
[BlackFideId "13752472"]
[EventDate "2025.06.10"]

1. Nf3 d5 2. g3 Nf6 3. Bg2 Bf5 4. c4 e6 5. O-O Be7 6. d3 h6 7. Qb3 b6 8. cxd5
exd5 9. Nc3 c5 10. Ne5 Be6 11. Qa4+ Nbd7 12. Nc6 Qc7 13. Bf4 Bd6 14. Nb5 Bxf4
15. Nxc7+ Bxc7 16. f4 Bg4 17. Ne5 Bh5 18. Nxd7 Nxd7 19. Bxd5 Rd8 20. Bc6 a6 21.
Qe4+ Kf8 22. Bxd7 Rxd7 23. Qf5 1-0

[Event "Titled Tue 10th Jun Early"]
[Site "chess.com INT"]
[Date "2025.06.10"]
[Round "7"]
[White "Mekhitarian, Krikor Sevag"]
[Black "Zhou, Yuxu"]
[Result "1-0"]
[WhiteTitle "GM"]
[BlackTitle "CM"]
[WhiteElo "2564"]
[BlackElo "2113"]
[WhiteFideId "2107660"]
[BlackFideId "8626421"]
[EventDate "2025.06.10"]

1. Nf3 d5 2. c4 e6 3. d4 Nf6 4. Nc3 Bb4 5. cxd5 exd5 6. Bf4 Ne4 7. Rc1 Nc6 8. h4
O-O 9. e3 Bf5 10. Bd3 Nxc3 11. bxc3 Bxd3 12. Qxd3 Ba3 13. Rb1 Na5 14. Ng5 g6 15.
h5 Be7 16. Nxh7 Kxh7 17. hxg6+ Kg7 18. Be5+ f6 19. Rh7+ Kg8 20. Qf5 Qc8 21. Qh5
fxe5 22. Rxe7 1-0

[Event "Titled Tue 10th Jun Early"]
[Site "chess.com INT"]
[Date "2025.06.10"]
[Round "7"]
[White "Goryachkina, Aleksandra"]
[Black "Demchenko, Yaroslav"]
[Result "1-0"]
[WhiteTitle "GM"]
[BlackTitle "CM"]
[WhiteElo "2533"]
[BlackElo "2263"]
[WhiteFideId "4147103"]
[BlackFideId "14186667"]
[EventDate "2025.06.10"]

1. e4 e6 2. d4 d5 3. Nc3 dxe4 4. Nxe4 Nd7 5. Nf3 Ngf6 6. Nxf6+ Nxf6 7. Be3 Be7
8. Bd3 O-O 9. Qe2 Qd5 10. O-O b6 11. c4 Qh5 12. Ne5 Qxe2 13. Bxe2 Bb7 14. Rfd1
c5 15. dxc5 Bxc5 16. Bxc5 bxc5 17. Rd6 Rfd8 18. Rad1 Rxd6 19. Rxd6 Kf8 20. f3
Ke7 21. Rd3 Rc8 22. Bd1 Bc6 23. Ra3 Nd7 24. Rxa7 Kd6 25. Nxc6 Rxc6 26. Ba4 1-0

[Event "Titled Tue 10th Jun Early"]
[Site "chess.com INT"]
[Date "2025.06.10"]
[Round "7"]
[White "Toroptseva, Yevheniia"]
[Black "Dambaev, Dashi"]
[Result "0-1"]
[WhiteTitle "WFM"]
[BlackTitle "CM"]
[WhiteElo "2104"]
[BlackElo "2211"]
[WhiteFideId "34109374"]
[BlackFideId "55628494"]
[EventDate "2025.06.10"]

1. Nc3 Nf6 2. e4 d6 3. d4 e5 4. dxe5 dxe5 5. Qxd8+ Kxd8 6. Bg5 Be6 7. O-O-O+ Nd7
8. f4 exf4 9. e5 h6 10. Bxf4 Ng4 11. Rd2 Bc5 12. h3 Be3 13. hxg4 Bxf4 14. Nf3
Bxd2+ 15. Kxd2 Ke7 16. Bb5 c6 17. Bd3 Bxg4 18. Re1 Nc5 19. Ke3 Bxf3 20. gxf3
Nxd3 21. cxd3 h5 22. Ne4 h4 23. Nd6 b6 24. d4 g6 25. f4 h3 26. f5 h2 27. f6+ Ke6
28. Rh1 Rh3+ 29. Ke4 Rah8 30. Rf1 R8h4+ 31. Rf4 h1=Q# 0-1

[Event "Titled Tue 10th Jun Early"]
[Site "chess.com INT"]
[Date "2025.06.10"]
[Round "7"]
[White "Bartakke, Amardeep S."]
[Black "Gbiorczyk, Mikolaj"]
[Result "0-1"]
[WhiteTitle "CM"]
[BlackTitle "CM"]
[WhiteElo "2116"]
[BlackElo "2191"]
[WhiteFideId "5003288"]
[BlackFideId "21080763"]
[EventDate "2025.06.10"]

1. e4 c6 2. d4 d5 3. e5 c5 4. dxc5 e6 5. a3 Bxc5 6. b4 Be7 7. Bb2 a5 8. b5 Nd7
9. Bd3 Nh6 10. Nf3 f6 11. O-O Nf7 12. exf6 Bxf6 13. Bxf6 Qxf6 14. Nbd2 e5 15.
Re1 O-O 16. c4 e4 17. Bxe4 dxe4 18. Nxe4 Qg6 19. c5 Nde5 20. Nxe5 Nxe5 21. Re3
Ng4 22. Re2 Be6 23. Rc1 Rad8 24. Qc2 Bf5 25. c6 bxc6 26. bxc6 Nxf2 27. Rxf2 Bxe4
28. Qc4+ Kh8 29. c7 Rc8 30. Rxf8+ Rxf8 31. c8=Q Qxg2# 0-1

[Event "Titled Tue 10th Jun Early"]
[Site "chess.com INT"]
[Date "2025.06.10"]
[Round "7"]
[White "Palczert, Matyas"]
[Black "Grover, Sahaj"]
[Result "0-1"]
[WhiteTitle "FM"]
[BlackTitle "GM"]
[WhiteElo "2396"]
[BlackElo "2465"]
[WhiteFideId "784958"]
[BlackFideId "5021103"]
[EventDate "2025.06.10"]

1. b3 a5 2. Bb2 a4 3. b4 Nf6 4. Nf3 g6 5. g3 Bg7 6. Bg2 O-O 7. O-O d5 8. a3 b6
9. d3 Bb7 10. Nbd2 Nbd7 11. c4 c5 12. b5 d4 13. Qc2 e5 14. Rae1 Qc7 15. e4 h6
16. h3 Nh7 17. Nh4 Bf6 18. Ndf3 Ng5 19. Bc1 Kg7 20. Nh2 Ne6 21. Ng4 Bg5 22. Nf3
Bxc1 23. Qxc1 Rh8 24. Nh4 h5 25. Nh2 Qd8 26. N4f3 Ndf8 27. Nxe5 h4 28. g4 g5 29.
f4 Nxf4 30. Rxf4 gxf4 31. Qxf4 Qf6 32. Rf1 Qxf4 33. Rxf4 f6 34. Nef3 Ng6 35. Rf5
Bc8 36. Rd5 Nf4 37. Rd6 Nxd3 38. e5 fxe5 39. Nxe5 Nxe5 40. Bxa8 Nxc4 41. Rd5 Be6
42. Rg5+ Kf6 0-1

[Event "Titled Tue 10th Jun Early"]
[Site "chess.com INT"]
[Date "2025.06.10"]
[Round "7"]
[White "Gkavardinas, Antonios"]
[Black "Mendes Aaron Reeve"]
[Result "0-1"]
[WhiteTitle "FM"]
[BlackTitle "IM"]
[WhiteElo "2278"]
[BlackElo "2335"]
[WhiteFideId "25883097"]
[BlackFideId "25954938"]
[EventDate "2025.06.10"]

1. b3 e5 2. Bb2 Nc6 3. g3 d5 4. Bg2 Nf6 5. d3 Be6 6. Nf3 Bd6 7. O-O O-O 8. Nbd2
h6 9. e4 d4 10. a4 Ne7 11. c3 c5 12. cxd4 cxd4 13. Nc4 Nc6 14. Nxd6 Qxd6 15. Ba3
Nb4 16. Nxe5 Qxe5 17. Bxb4 Rfc8 18. f4 Qc7 19. f5 Bd7 20. Rc1 Qe5 21. Qd2 Ng4
22. Qf4 Qxf4 23. gxf4 Ne3 24. Rfe1 Nc2 25. Bd6 Nxe1 26. Rxe1 Rc3 27. Be5 Rxd3
28. Bf1 Rxb3 29. Bxd4 Rb4 30. Bc5 Rxa4 31. Bg2 Bc6 32. Bd6 Re8 33. Rb1 Bxe4 34.
Bxe4 Rexe4 35. Rxb7 Ra2 36. Rb1 Ree2 37. f6 Rg2+ 38. Kh1 Rxh2+ 39. Kg1 Rag2+ 0-1

[Event "Titled Tue 10th Jun Early"]
[Site "chess.com INT"]
[Date "2025.06.10"]
[Round "7"]
[White "Margl, Roland"]
[Black "Risteski, Emil"]
[Result "1/2-1/2"]
[WhiteTitle "FM"]
[BlackTitle "IM"]
[WhiteElo "2289"]
[BlackElo "2374"]
[WhiteFideId "773719"]
[BlackFideId "15005267"]
[EventDate "2025.06.10"]

1. d4 g6 2. e4 Bg7 3. Nf3 c6 4. h3 d5 5. e5 f6 6. exf6 exf6 7. Bd3 Ne7 8. O-O
O-O 9. Re1 Bf5 10. Bf4 Bxd3 11. Qxd3 Nf5 12. Nbd2 Na6 13. Re2 Re8 14. Rae1 Rxe2
15. Rxe2 Qd7 16. a3 Re8 17. Kf1 Rxe2 18. Qxe2 g5 19. Bh2 Nc7 20. Nb3 Ne6 21. Nc5
Nxc5 22. dxc5 Bf8 23. g4 Ng7 24. b4 h6 25. c4 f5 26. Ne5 Qe6 27. cxd5 Qxd5 28.
Qc4 Qxc4+ 29. Nxc4 f4 30. f3 Kf7 31. Ke2 Ke6 32. Kd3 Kd5 33. Bg1 Ne6 34. Na5 Nd8
35. Bf2 Bg7 36. Bg1 Bf6 37. Bf2 Be5 38. Bg1 Bc7 39. Nc4 Nf7 40. Bf2 Ne5+ 41.
Nxe5 Bxe5 42. Be1 b5 43. Bc3 Bxc3 44. Kxc3 Ke5 45. Kd3 Kd5 46. Kc3 Ke5 47. Kd3
Kd5 48. Kc3 1/2-1/2

[Event "Titled Tue 10th Jun Early"]
[Site "chess.com INT"]
[Date "2025.06.10"]
[Round "7"]
[White "Neustroev, Victor"]
[Black "Ersoz, Teoman Guney"]
[Result "1-0"]
[WhiteTitle "FM"]
[BlackTitle "CM"]
[WhiteElo "2283"]
[BlackElo "2052"]
[WhiteFideId "4144147"]
[BlackFideId "44537050"]
[EventDate "2025.06.10"]

1. e4 c5 2. Nf3 e6 3. d4 cxd4 4. Nxd4 Nf6 5. Nc3 Nc6 6. Ndb5 Bb4 7. a3 Bxc3+ 8.
Nxc3 d5 9. exd5 exd5 10. Bd3 O-O 11. O-O d4 12. Ne4 Bf5 13. Bg5 Bxe4 14. Bxe4 h6
15. Bxf6 Qxf6 16. Re1 Ne5 17. Qh5 Rac8 18. Rad1 Nc4 19. b3 Nxa3 20. Rd2 Nb5 21.
Qxb5 b6 22. f3 Rfd8 23. Red1 Rc5 24. Qd3 Rg5 25. b4 Qf4 26. Qe2 Qe5 27. Qf2 f5
28. f4 Qxe4 29. fxg5 hxg5 30. Rxd4 Rxd4 31. Qxd4 Qe2 32. Qd3 Qe5 33. Qd5+ Qxd5
34. Rxd5 1-0

[Event "Titled Tue 10th Jun Early"]
[Site "chess.com INT"]
[Date "2025.06.10"]
[Round "7"]
[White "Lopez Abreu, Michel Samuel"]
[Black "Bratovic, Blaz"]
[Result "0-1"]
[WhiteTitle "FM"]
[BlackTitle "IM"]
[WhiteElo "2038"]
[BlackElo "2319"]
[WhiteFideId "3927903"]
[BlackFideId "14603551"]
[EventDate "2025.06.10"]

1. d4 f5 2. Nf3 Nf6 3. c4 e6 4. Nc3 d5 5. Bg5 Bb4 6. e3 h6 7. Bxf6 Qxf6 8. a3
Bxc3+ 9. bxc3 O-O 10. cxd5 exd5 11. Bd3 c5 12. O-O Nc6 13. Bb5 f4 14. Bxc6 bxc6
15. Ne5 Ba6 16. Nd7 Qg6 17. Nxf8 Rxf8 18. exf4 Bxf1 19. Qxf1 cxd4 20. cxd4 Rxf4
21. Qa6 Rxd4 22. Qxa7 Rd2 23. Qe3 Qc2 24. Qe1 d4 25. Rc1 Re2 26. Qf1 Qe4 27. a4
d3 28. g3 d2 0-1

[Event "Titled Tue 10th Jun Early"]
[Site "chess.com INT"]
[Date "2025.06.10"]
[Round "7"]
[White "Zaksaite, Salomeja"]
[Black "Williams, Simon K"]
[Result "0-1"]
[WhiteTitle "WGM"]
[BlackTitle "GM"]
[WhiteElo "2133"]
[BlackElo "2444"]
[WhiteFideId "12801496"]
[BlackFideId "404454"]
[EventDate "2025.06.10"]

1. e4 d6 2. d4 Nf6 3. Nc3 Nbd7 4. Nf3 e5 5. Be2 Be7 6. h3 c6 7. Be3 Qc7 8. O-O
h6 9. dxe5 dxe5 10. a4 g5 11. Nd2 Nf8 12. Nb3 Ng6 13. Re1 Nf4 14. Bf1 Kf8 15.
Kh2 Kg7 16. g3 Ne6 17. Bg2 h5 18. Qd2 h4 19. Rg1 hxg3+ 20. fxg3 Nf4 21. gxf4
exf4 22. Bxf4 gxf4 23. Bf3+ Kf8 24. Rg2 Rxh3+ 25. Kg1 Rxf3 26. Nd4 Bc5 27. Ne2
Qe5 28. c3 Bh3 29. Rh2 Nxe4 0-1

[Event "Titled Tue 10th Jun Early"]
[Site "chess.com INT"]
[Date "2025.06.10"]
[Round "7"]
[White "Askarov, Bakhtiyar"]
[Black "Chan, Mark"]
[Result "1-0"]
[WhiteTitle "IM"]
[BlackTitle "FM"]
[WhiteElo "2297"]
[BlackElo "2179"]
[WhiteFideId "13701100"]
[BlackFideId "5800560"]
[EventDate "2025.06.10"]

1. e4 c5 2. Nf3 d6 3. Bb5+ Bd7 4. Bxd7+ Nxd7 5. c4 e5 6. O-O Ngf6 7. d3 Be7 8.
Nc3 O-O 9. a3 Nb8 10. Rb1 Nc6 11. b4 b6 12. h3 h6 13. Be3 Nd4 14. Nh2 Nh7 15.
bxc5 bxc5 16. Nd5 Bg5 17. Bxd4 cxd4 18. Qa4 Nf6 19. Rb7 Nxd5 20. cxd5 a5 21. Nf3
Qc8 22. Rb6 Qc3 23. Rd1 Rfd8 24. Rc6 Qb2 25. h4 Be7 26. Rc7 Bf6 27. Rc2 Qb7 28.
g3 Rdc8 29. Nd2 Rxc2 30. Qxc2 a4 31. Rb1 Qa6 32. Nc4 Bd8 33. Rb4 Bc7 34. Kg2 Bd8
35. Qd1 g6 36. Qg4 Kg7 37. Qd7 Rc8 38. Rb7 1-0

[Event "Titled Tue 10th Jun Early"]
[Site "chess.com INT"]
[Date "2025.06.10"]
[Round "7"]
[White "Xiong, Jeffery"]
[Black "Matinian, Nikita"]
[Result "1-0"]
[WhiteTitle "GM"]
[BlackTitle "GM"]
[WhiteElo "2639"]
[BlackElo "2421"]
[WhiteFideId "2047640"]
[BlackFideId "24129100"]
[EventDate "2025.06.10"]

1. c4 e5 2. Nc3 Nc6 3. Nf3 Nf6 4. g3 Bb4 5. Bg2 O-O 6. O-O Bxc3 7. bxc3 Re8 8.
d3 e4 9. Nd4 Nxd4 10. cxd4 d5 11. Bg5 c6 12. cxd5 cxd5 13. Rc1 h6 14. Bxf6 Qxf6
15. dxe4 dxe4 16. e3 Bf5 17. Rc7 Re7 18. Qc2 Rae8 19. Rc1 h5 20. Qa4 h4 21. Rxb7
h3 22. Bf1 Bg4 23. Rcc7 g6 24. Rxe7 Rxe7 25. Qxa7 Re6 26. Qa8+ Kg7 27. Rb8 Rd6
28. Qxe4 Bf3 29. Qe8 Rc6 30. Qh8# 1-0

[Event "Titled Tue 10th Jun Early"]
[Site "chess.com INT"]
[Date "2025.06.10"]
[Round "7"]
[White "Arias Gaviria, Mario Alexis"]
[Black "Tarnowska, Aleksandra"]
[Result "1-0"]
[WhiteTitle "FM"]
[BlackTitle "WCM"]
[WhiteElo "2298"]
[BlackElo "1882"]
[WhiteFideId "3800660"]
[BlackFideId "1180967"]
[EventDate "2025.06.10"]

1. e4 c5 2. Nf3 e6 3. Nc3 a6 4. g3 Qc7 5. Bg2 Nc6 6. O-O d6 7. b3 Nf6 8. Bb2 Be7
9. d4 cxd4 10. Nxd4 O-O 11. h3 Nxd4 12. Qxd4 e5 13. Qd3 Bd7 14. f4 Bc6 15. Rad1
Rad8 16. a4 h6 17. Kh2 Rd7 18. Ba3 Rfd8 19. Nd5 Bxd5 20. exd5 exf4 21. Rxf4 Nh5
22. Rc4 Qb6 23. Qf3 g6 24. Bc1 Bf8 25. Be3 Qa5 26. Bd2 Qb6 27. g4 Ng7 28. Bxh6
a5 29. Be3 Qa6 30. Rf1 b5 31. Rc6 Qb7 32. Rb6 Qc7 33. Rc6 Qb7 34. Bb6 Re8 35.
axb5 a4 36. bxa4 Rde7 37. a5 Re2 38. Rc7 1-0